Trouvez les paroles - Ne me ramène pas - Lomepal - Statistiques

Statistiques générales
  • Ce quiz a été pris 608 fois
  • Le résultat moyen est 196 sur 253
Statistiques - réponses
Réponse % Correct
Me
99%
Ne
98%
Pas
98%
A
97%
À
97%
De
97%
La
97%
97%
Le
97%
Ramène
96%
Ma
95%
M’a
95%
Je
94%
Un
94%
J’ai
93%
Plus
92%
ça
91%
Dans
91%
Des
91%
Ce
89%
Est
89%
Et
89%
Les
88%
Pour
87%
Que
87%
Trouvé
87%
Nos
86%
Place
86%
Devenir
85%
Fils
84%
On
84%
Machine
83%
Pute
83%
Riche
83%
Se
83%
Faire
82%
Comme
81%
Depuis
81%
Rêve
81%
Va
81%
Âges
80%
C’est
80%
Chaîne
80%
Jeunes
80%
Pied
80%
Y
80%
Succès
79%
Autre
78%
Flammes
78%
Glace
78%
Peu
77%
Elle
76%
Fin
76%
Mon
76%
Voir
76%
Voulais
76%
Grand-mère
75%
Par
75%
Tout
74%
Trop
74%
Une
74%
Était
73%
Être
73%
Folle
73%
L’océan
73%
Mes
73%
Son
73%
Fini
72%
Avoir
71%
Comment
71%
Nageur
71%
Pouvoir
71%
Quand
71%
Tête
71%
Sage
70%
Transmis
70%
Vaste
70%
J’me
69%
Moi
69%
Sache
69%
Monde
68%
Beau
67%
Cernes
67%
Chaos
67%
En
67%
Mais
67%
Sans
67%
Seul
67%
Défouler
66%
J’suis
66%
Qui
66%
Raison
66%
Visiter
66%
Scènes
64%
Sentir
64%
Sers
64%
Dériver
63%
Mets
63%
Peut-être
63%
Veux-tu
63%
Eu
62%
Temps
62%
26
61%
Déjà
61%
Terrifié
61%
J’aime
60%
Jour
59%
Peine
59%
N’est
58%
Remède
58%
Vraiment
58%
Vu
58%
Gens
57%
Humain
57%
Même
57%
Peur
57%
Venez
57%
Corps
56%
Yeux
56%
Invincible
55%
J’m’en
55%
Normaux
55%
Encore
54%
Accepté
53%
Apaiser
52%
Apparaître
52%
Compris
52%
France
52%
Maux
52%
Métronome
52%
Souffler
52%
Puissant
51%
S’accélère
51%
Vais
51%
Cerveau
50%
L’artiste
50%
Qu’y
50%
J’étais
49%
Môme
49%
Chaque
48%
D’arrêts
48%
Disloqué
48%
Jamais
48%
Rester
48%
Bloqué
47%
J’l’ai
47%
Ok
45%
Transe
45%
Concert
44%
Rentre
44%
Snowpiercer
43%
J’serai
41%
Maintenant
41%
Nouveau
37%
Sauf
36%
Aucun quiz correspondant
Distribution des résultats
% des personnes avec chaque résultat
Percentile par nombre de réponses
Votre historique - résultats
Vous n’avez pas pris ce quiz